| 000 | 00550cam a2200229 4500 | ||
|---|---|---|---|
| 001 | 848903 | ||
| 005 | 20180123034606.0 | ||
| 008 | 721128s1972 nju b 001 0beng | ||
| 010 | _a 78038515 | ||
| 020 | _a0691041660 | ||
| 040 |
_aDLC _cDLC _dDLC |
||
| 041 | _aeng | ||
| 080 | _a338.521 | ||
| 082 | 0 | 0 | _a338.521 SOW |
| 100 | 1 | _a19 | |
| 101 | _aSHP | ||
| 245 | 1 | 0 | _aSay's law; |
| 350 | _a$8.50 | ||
| 504 | _aBibliography: p. 235-239. | ||
| 906 |
_a7 _bcbc _corignew _d2 _eocip _f19 _gy-gencatlg |
||
| 942 |
_2ddc _cBK |
||
| 999 |
_c40713 _d40713 |
||